000 00572nam a2200229Ia 4500
003 OSt
005 20220924152555.0
006 a|||||r|||| 00| 0
007 ta
008 220923b |||||||| |||| 00| 0 guj d
024 _a343216
037 _cTextual
040 _aARTS
_cARTS
_bguj
041 _2guj
_aguj
082 _aO142,3M60x, 156J7
100 _aChekhov
_9207533
245 0 _aSresth novel kathavo
260 _c1957
650 _aRUSSIAN FICTION
942 _hO142,3M60x, 156J7
_cTEXL
_2CC
999 _c470318
_d470318